Statistics for My last quiz

Click here to take the quiz!

General Stats

  • This quiz has been taken 6 times
  • The average score is 3 of 5

Answer Stats

HintAnswer% Correct
How many answers does this quiz have?5
100%
Does question 3 relate to the point of this quiz at all? Yes or No?No
80%
Which year did I make my first quiz?2021
60%
When was this quiz published? (Enter MM/DD/YYYY)4/1/2024
60%
Before naming this as my last quiz, what name do you think I had in mind?April Fools' Day 2024 Special
0%

Score Distribution

Percentile by Number Answered

Percent of People with Each Score

Your Score History

You have not taken this quiz